Tratado do sublime de Dionísio Longino (Registo nº 201682)

Detalhes MARC
000 -Etiqueta do registo
Valores 00708nam 22001933 4500
021 ## - Número do Depósito Legal
Código do país Portugal
Número 2661/84
100 ## - Dados gerais de processamento
Dados gerais 20260408d u||y0pory50 ba
200 ## - Titulo e menção de responsabilidade
Título próprio Tratado do sublime de Dionísio Longino
Primeira menção de responsabilidade Custódio José de Oliveira
Outras menções de responsabilidade introdução e actualização do texto por Maria Leonor Carvalhão Buescu
210 ## - Publicação
Local de publicação [Lisboa]
Nome do editor Imprensa Nacional-Casa da Moeda
Data de publicação imp. 1984
215 ## - Descrição física 
Paginação / Volumes 146, [14] p.
Outras indicações físicas brochado
Dimensões 24 cm
225 ## - Colecção 
Título próprio da colecção Biblioteca de autores portugueses
606 ## - Nome comum usado como assunto
ID Autoridade 3661
Palavra de ordem Crítica Literária.Estudos Literários
675 ## - CDU
Notação 82.09
Edição PT
Língua por
700 ## - Autor principal (pessoa individual)
ID Autoridade 17064
Apelido Oliveira
Nome Custódio José de
Datas 1740-1812
801 ## - Fonte de origem
País PT
Agência BMMN
Regras de catalogação RPC
830 ## - Notas gerais do catalogador
Criado por Vanda
990 ## - Elementos KOHA
Tipo de documento Livro
Exemplares
Situação do levantamento Biblioteca de origem Código de barras Cota Permissão de empréstimo Tipo de documento Forma de aquisição
  Biblioteca Municipal de Montemor-o-Novo 31046 82.09 OLI|DEP   Livro Compra

Powered by Koha